00394nam a2200133Ia 4500008004100000082001400041100001900055245003200074260001800106600001500124942000700139952009700146999001700243241002s9999 xx 000 0 und d a808.3 HUX aHuxley, Aldous 0aAfter Many A Summer A Novel aLondon:c1967 aLiterature cUC 00104070aUITUbUITUd1994-01-01l0o808.3 HUXpUC473r2024-10-02 09:31:21w2024-10-02yUC c18800d18800